000 00472nam a22001937a 4500
003 MPLRDC
005 20220104143929.0
008 210129b ||||| |||| 00| 0 eng d
020 _a7-80653-200-5
082 _a690.33 CT
100 _a陈彤
245 _a广东城外假日游
_c
250 _a一版一刷
260 _a
_b广东旅游出版社
_c2001
300 _b
490 _aCITY GUIDE丛书
650 _a中国游记--广东
942 _cBK
_o690.33 CT
999 _c44742
_d44732